|
|
|
|
| LEADER |
01344nam a2200385Ia 4500 |
| 001 |
EBC1030944 |
| 003 |
MiAaPQ |
| 005 |
20200520144314.0 |
| 006 |
m o d | |
| 007 |
cr cn||||||||| |
| 008 |
120416s2012 enka s 001 0 eng d |
| 010 |
|
|
|z 2012013050
|
| 020 |
|
|
|z 9780749466374
|
| 020 |
|
|
|a 9780749466381 (electronic bk.)
|
| 035 |
|
|
|a (MiAaPQ)EBC1030944
|
| 035 |
|
|
|a (Au-PeEL)EBL1030944
|
| 035 |
|
|
|a (CaPaEBR)ebr10605378
|
| 035 |
|
|
|a (CaONFJC)MIL392557
|
| 035 |
|
|
|a (OCoLC)813005424
|
| 040 |
|
|
|a MiAaPQ
|c MiAaPQ
|d MiAaPQ
|
| 050 |
|
4 |
|a HF5386
|b .O376 2012
|
| 082 |
0 |
4 |
|a 658
|2 23
|
| 100 |
1 |
|
|a Ogunlaru, Rasheed,
|d 1970-
|
| 245 |
1 |
0 |
|a Soul trader
|h [electronic resource] :
|b putting the heart back into your business /
|c Rasheed Ogunlaru.
|
| 260 |
|
|
|a London ;
|a Philadelphia :
|b Kogan Page,
|c c2012.
|
| 300 |
|
|
|a xiv, 258 p. :
|b ill.
|
| 500 |
|
|
|a Includes index.
|
| 533 |
|
|
|a Electronic reproduction. Ann Arbor, MI : ProQuest, 2015. Available via World Wide Web. Access may be limited to ProQuest affiliated libraries.
|
| 650 |
|
0 |
|a Customer relations.
|
| 650 |
|
0 |
|a Entrepreneurship.
|
| 650 |
|
0 |
|a Management.
|
| 650 |
|
0 |
|a Success in business.
|
| 655 |
|
4 |
|a Electronic books.
|
| 710 |
2 |
|
|a ProQuest (Firm)
|
| 856 |
4 |
0 |
|u https://ebookcentral.proquest.com/lib/matrademy/detail.action?docID=1030944
|z Click to View
|